[Event "NED-ch (Women)"]
[Site "Amsterdam"]
[Date "2018.07.06"]
[Round "5"]
[White "Hortensius, Lisa"]
[Black "De Mie, Mariska"]
[Result "1/2-1/2"]
[WhiteElo "2169"]
[BlackElo "2193"]
[PlyCount "181"]
[EventDate "2018.07.02"]
[EventType "tourn"]
[EventRounds "7"]
[EventCountry "NED"]
[EventCategory "1"]
[SourceTitle "CBM 185 Extra"]
[Source "ChessBase"]
[SourceDate "2018.07.29"]
[SourceVersion "1"]
[SourceVersionDate "2018.07.29"]
[SourceQuality "1"]

1. e4 c5 2. Nf3 e6 3. d4 cxd4 4. Nxd4 a6 5. Be2 Nf6 6. Nc3 Bb4 7. Qd3 d5 8. exd5 Nxd5 9. 0-0 Nxc3 10. bxc3 Be7 11. Qg3 0-0 12. Rd1 Qa5 13. Bf4 Nd7 14. a4 Re8 15. Bf3 Bf6 16. Bd2 Ne5 17. Be4 Nc4 18. Bxh7+ Kxh7 19. Qd3+ g6 20. Qxc4 Kg7 21. Nb3 Qh5 22. Bf4 e5 23. Bg3 Bf5 24. Nd2 Rac8 25. Qb3 Qe2 26. Qb1 Rxc3 27. Nf1 Bxc2 28. Re1 Bxb1 29. Rxe2 Bd3 30. Ree1 b5 31. axb5 axb5 32. Ne3 Rd8 33. Ng4 Rd5 34. Ra6 Bg5 35. Bxe5+ Rxe5 36. Nxe5 Bf5 37. Rb6 Rc5 38. Nf3 Bf6 39. h3 Bc3 40. Rc1 b4 41. Nd2 Re5 42. Nc4 Re2 43. Ne3 Be6 44. Rb1 Ra2 45. R6xb4 Bxb4 46. Rxb4 Ra1+ 47. Kh2 Kf6 48. Kg3 Ra5 49. Kf3 Ra3 50. Rb5 Ra4 51. Kg3 Kg7 52. Nd5 Ra3+ 53. f3 Bxd5 54. Rxd5 Ra1 55. h4 Kh6 56. Rd7 Kg7 57. Kg4 Ra4+ 58. f4 Ra2 59. g3 Ra5 60. Re7 Kf6 61. Re3 Kg7 62. Re5 Ra3 63. h5 Ra6 64. hxg6 Kxg6 65. Rg5+ Kf6 66. Rf5+ Kg6 67. Rb5 Rc6 68. Rb3 Kf6 69. Kf3 Rc1 70. Rb6+ Kg7 71. Kg4 Rc5 72. f5 f6 73. Rb4 Rc7 74. Kh5 Kf7 75. g4 Ra7 76. g5 fxg5 77. Kxg5 Ra6 78. Rb7+ Kf8 79. Rh7 Rb6 80. Rh8+ Kg7 81. Ra8 Rc6 82. Ra7+ Kf8 83. Rd7 Ra6 84. Kf4 Ra4+ 85. Ke5 Ra5+ 86. Kf6 Ra6+ 87. Kg5 Rb6 88. Ra7 Rc6 89. f6 Rc1 90. Kg6 Rg1+ 91. Kf5 1/2-1/2

[Event "NED-ch (Women)"]
[Site "Amsterdam"]
[Date "2018.07.02"]
[Round "1"]
[White "Peng, Zhaoqin"]
[Black "Hortensius, Lisa"]
[Result "1-0"]
[WhiteElo "2352"]
[BlackElo "2169"]
[PlyCount "111"]
[EventDate "2018.07.02"]
[EventType "tourn"]
[EventRounds "7"]
[EventCountry "NED"]
[EventCategory "1"]
[SourceTitle "CBM 185 Extra"]
[Source "ChessBase"]
[SourceDate "2018.07.29"]
[SourceVersion "1"]
[SourceVersionDate "2018.07.29"]
[SourceQuality "1"]

1. e4 c5 2. Nf3 e6 3. c4 Nc6 4. Nc3 Nf6 5. Be2 Be7 6. d4 cxd4 7. Nxd4 Qc7 8. Ndb5 Qb8 9. Be3 a6 10. Nd4 0-0 11. 0-0 d6 12. Rc1 Ne5 13. f4 Ned7 14. Bf3 h6 15. g4 Nh7 16. Bg2 g5 17. h4 Kg7 18. Qd2 Rg8 19. Qf2 gxh4 20. Kh1 Qc7 21. Nf3 Qd8 22. Rcd1 Kh8 23. Bd4+ Bf6 24. e5 dxe5 25. Nxe5 Nxe5 26. Bxe5 Qf8 27. Qxh4 Qg7 28. Bxf6 Qxf6 29. Qh5 Qg7 30. Bf3 f6 31. Ne4 Bd7 32. Nc5 Bc6 33. Bxc6 bxc6 34. Rg1 e5 35. Rd7 Qg6 36. fxe5 Qxh5+ 37. gxh5 Rxg1+ 38. Kxg1 fxe5 39. Rd6 Rb8 40. b3 Rg8+ 41. Kf2 Rf8+ 42. Ke3 Nf6 43. Rxc6 Kh7 44. Rxa6 Nxh5 45. Nd7 Re8 46. c5 Kg7 47. c6 Nf4 48. Ra5 Ne6 49. Rxe5 Kf7 50. Nb6 Re7 51. Nd5 Re8 52. a4 Rc8 53. c7 h5 54. Rxh5 Kg6 55. Rh4 Kf7 56. b4 1-0

[Event "NED-ch (Women)"]
[Site "Amsterdam"]
[Date "2017.06.28"]
[Round "3"]
[White "Hortensius, Lisa"]
[Black "Peng, Zhaoqin"]
[Result "1-0"]
[WhiteElo "2155"]
[BlackElo "2386"]
[PlyCount "89"]
[EventDate "2017.06.26"]
[EventType "tourn"]
[EventRounds "7"]
[EventCountry "NED"]
[SourceTitle "CBM 179 Extra"]
[Source "ChessBase"]
[SourceDate "2017.08.23"]
[SourceVersion "1"]
[SourceVersionDate "2017.08.23"]
[SourceQuality "1"]

1. e4 e6 2. d4 d5 3. Bd3 c5 4. exd5 exd5 5. Qe2+ Be7 6. dxc5 Nf6 7. Bg5 0-0 8. Nd2 Nbd7 9. Nb3 a5 10. Nf3 a4 11. Nbd4 Nxc5 12. 0-0 h6 13. Bh4 Re8 14. Nf5 Bxf5 15. Bxf5 Qb6 16. c3 g6 17. Bd3 Bf8 18. Qc2 Nfe4 19. Rab1 Bg7 20. Nd2 g5 21. Bg3 f5 22. Nxe4 dxe4 23. Bc4+ Kh8 24. h4 f4 25. Bh2 Qf6 26. Rbd1 Re5 27. Qd2 Bf8 28. Rfe1 Be7 29. b4 axb3 30. axb3 b5 31. Bxb5 e3 32. fxe3 Ne4 33. Qd7 Nxc3 34. exf4 Bc5+ 35. Kh1 gxf4 36. Rxe5 Qxe5 37. Qc6 Kg7 38. Rd7+ Be7 39. Qxa8 Qe1+ 40. Bg1 Qxh4+ 41. Bh2 Qe1+ 42. Bf1 Qxf1+ 43. Bg1 Qe1 44. Rxe7+ Qxe7 45. Bd4+ 1-0

[Event "Delft Prinsenstad op 10th"]
[Site "Delft"]
[Date "2017.04.15"]
[Round "3"]
[White "Hortensius, Lisa"]
[Black "Leertouwer, Joris"]
[Result "1-0"]
[WhiteElo "2161"]
[BlackElo "2031"]
[PlyCount "69"]
[EventDate "2017.04.14"]
[EventType "swiss"]
[EventRounds "6"]
[EventCountry "NED"]
[SourceTitle "CBM 177 Extra"]
[Source "ChessBase"]
[SourceDate "2017.04.27"]
[SourceVersion "1"]
[SourceVersionDate "2017.04.27"]
[SourceQuality "1"]

1. e4 c5 2. Nf3 d6 3. d4 cxd4 4. Nxd4 Nf6 5. Nc3 g6 6. Be3 Bg7 7. f3 0-0 8. Qd2 Nc6 9. 0-0-0 d5 10. exd5 Nxd5 11. Nxc6 bxc6 12. Bd4 e5 13. Bc5 Be6 14. Ne4 Re8 15. g4 a5 16. Bc4 Nf4 17. Qf2 Bd5 18. h4 Qb8 19. Qf1 Rd8 20. h5 Ne6 21. Be7 Rd7 22. Nf6+ Bxf6 23. Bxf6 Rb7 24. b3 Qd6 25. Qe2 Bxc4 26. Qxc4 Nd4 27. g5 Kf8 28. Kb1 Rb4 29. Qc3 c5 30. hxg6 fxg6 31. Rxh7 Re8 32. Qd3 e4 33. fxe4 Qf4 34. Qh3 Rbb8 35. Qh6+ 1-0

[Event "NED-ch (Women)"]
[Site "Amsterdam"]
[Date "2016.08.24"]
[Round "3"]
[White "Hortensius, Lisa"]
[Black "Paulet, Iozefina"]
[Result "1-0"]
[WhiteElo "2162"]
[BlackElo "2249"]
[PlyCount "117"]
[EventDate "2016.08.22"]
[EventType "tourn"]
[EventRounds "7"]
[EventCountry "NED"]
[SourceTitle "CBM 174 Extra"]
[Source "ChessBase"]
[SourceDate "2016.10.10"]
[SourceVersion "1"]
[SourceVersionDate "2016.10.10"]
[SourceQuality "1"]

1. e4 e6 2. d4 d5 3. Nc3 Nf6 4. e5 Nfd7 5. Nce2 c5 6. c3 Nc6 7. f4 Be7 8. Nf3 0-0 9. g3 f6 10. Bg2 c4 11. 0-0 b5 12. g4 fxe5 13. fxe5 Rf7 14. g5 b4 15. h4 bxc3 16. bxc3 Qa5 17. Bh3 Nf8 18. Qc2 Ba3 19. h5 Rb7 20. g6 hxg6 21. hxg6 Bxc1 22. Raxc1 Rab8 23. Nf4 Rb2 24. Qd1 Qd8 25. Qe1 R8b6 26. Qg3 Ne7 27. Qh4 Qe8 28. Ng5 Nf5 29. Bxf5 exf5 30. e6 Rxe6 31. Ngxe6 Bxe6 32. Qh5 Bd7 33. Rf3 Qe4 34. Rh3 Nxg6 35. Qh7+ Kf7 36. Qxg6+ Ke7 37. Qg3 Kd8 38. Qe3 g5 39. Qxe4 dxe4 40. Nd5 Be6 41. Nb4 a5 42. Nc6+ Kc7 43. Ne5 f4 44. Rh2 Rb8 45. Rh7+ Kd6 46. Rg7 Rb2 47. Rxg5 f3 48. Rg6 Ke7 49. Rh6 Rg2+ 50. Kf1 Bd5 51. Ng6+ Kf6 52. Nf4+ Kg5 53. Nxg2 fxg2+ 54. Kxg2 Kxh6 55. Kf2 Kg5 56. Ke3 Kf5 57. Rb1 Ke6 58. Rb6+ Kd7 59. Ra6 1-0

[Event "Hoogeveen Unive op 19th"]
[Site "Hoogeveen"]
[Date "2015.10.19"]
[Round "4"]
[White "Hortensius, Lisa"]
[Black "Kossen, Johannes"]
[Result "1-0"]
[WhiteElo "2154"]
[BlackElo "2029"]
[PlyCount "67"]
[EventDate "2015.10.17"]
[EventType "swiss"]
[EventRounds "9"]
[EventCountry "NED"]
[SourceTitle "EXT 2017"]
[Source "ChessBase"]
[SourceDate "2016.10.25"]
[SourceVersion "1"]
[SourceVersionDate "2016.10.25"]
[SourceQuality "1"]

1. e4 c5 2. Nf3 e6 3. d4 cxd4 4. Nxd4 Nc6 5. Nc3 Qc7 6. Be3 Nf6 7. f3 a6 8. Qd2 Be7 9. 0-0-0 b5 10. g4 h6 11. h4 Bb7 12. Bd3 Ne5 13. g5 hxg5 14. hxg5 Nh5 15. Kb1 Nxd3 16. Qxd3 g6 17. Nde2 0-0-0 18. Bd4 Rhg8 19. Qe3 Rde8 20. Rd3 Bc6 21. a3 Kb7 22. Rhd1 Rd8 23. f4 d6 24. Qd2 Rd7 25. Bf2 Rdd8 26. Nd4 Bd7 27. Na2 d5 28. e5 Rc8 29. Nb3 Ka8 30. Nb4 Bxb4 31. axb4 Bc6 32. Rc3 Qe7 33. Na5 d4 34. Rxc6 1-0

[Event "Hoogeveen Unive op 19th"]
[Site "Hoogeveen"]
[Date "2015.10.17"]
[Round "1"]
[White "Ehlvest, Jaan"]
[Black "Hortensius, Lisa"]
[Result "1-0"]
[WhiteElo "2535"]
[BlackElo "2154"]
[PlyCount "71"]
[EventDate "2015.10.17"]
[EventType "swiss"]
[EventRounds "9"]
[EventCountry "NED"]
[SourceTitle "CBM 168 Extra"]
[Source "ChessBase"]
[SourceDate "2015.10.29"]
[SourceVersion "1"]
[SourceVersionDate "2015.10.29"]
[SourceQuality "1"]

1. Nf3 Nf6 2. c4 c5 3. Nc3 Nc6 4. e4 d6 5. d4 cxd4 6. Nxd4 e6 7. Be2 Be7 8. 0-0 0-0 9. Be3 a6 10. Rc1 Ne5 11. Kh1 h6 12. f3 Qc7 13. Qd2 b6 14. b4 Bb7 15. Na4 Ned7 16. Rfd1 Rac8 17. Nb3 Qb8 18. Bf4 Ne8 19. c5 e5 20. Be3 bxc5 21. bxc5 Bc6 22. Bxa6 Bxa4 23. Bxc8 Nxc5 24. Bf5 g6 25. Bh3 Nxb3 26. axb3 Qxb3 27. Bxh6 Ng7 28. Rb1 Qc2 29. Rdc1 Qxd2 30. Bxd2 Ne6 31. Bxe6 fxe6 32. Rb4 Be8 33. Bh6 Rf7 34. Rb8 Kh7 35. Rxe8 Kxh6 36. Rc7 1-0

[Event "NED-ch (Women)"]
[Site "Amsterdam"]
[Date "2015.07.10"]
[Round "5"]
[White "Kazarian, Anna Maja"]
[Black "Hortensius, Lisa"]
[Result "1/2-1/2"]
[WhiteElo "2120"]
[BlackElo "2170"]
[PlyCount "192"]
[EventDate "2015.07.05"]
[EventType "tourn"]
[EventRounds "7"]
[EventCountry "NED"]
[SourceTitle "CBM 167 Extra"]
[Source "ChessBase"]
[SourceDate "2015.09.14"]
[SourceVersion "1"]
[SourceVersionDate "2015.09.14"]
[SourceQuality "1"]

1. e4 c5 2. Nf3 e6 3. d4 cxd4 4. Nxd4 a6 5. c4 Nf6 6. Nc3 Bb4 7. f3 Qc7 8. Be2 0-0 9. 0-0 Nc6 10. Nxc6 dxc6 11. Be3 e5 12. Qb3 Qe7 13. Na4 b5 14. Nb6 Rb8 15. Nxc8 Rfxc8 16. Rac1 Nd7 17. c5 a5 18. Qc2 a4 19. Rfd1 Rd8 20. Rd6 Rbc8 21. a3 Ba5 22. Rcd1 Nb8 23. f4 Bc7 24. Bg4 Bxd6 25. cxd6 Qe8 26. Bxc8 Rxc8 27. f5 Nd7 28. Qe2 Qd8 29. h3 Qa5 30. g4 c5 31. g5 Rc6 32. g6 fxg6 33. fxg6 hxg6 34. Qg4 Qd8 35. Qe6+ Kh7 36. Qe7 Rc8 37. Bg5 Qe8 38. Rd5 Kg8 39. Be3 Qf7 40. Kg2 b4 41. Rd2 bxa3 42. bxa3 c4 43. Rb2 Qxe7 44. dxe7 Kf7 45. Rb4 c3 46. Rxa4 c2 47. Bc1 Rc3 48. Ra6 Kxe7 49. Rxg6 Kf7 50. Rg5 g6 51. a4 Rc4 52. a5 Ra4 53. Rg3 Ra1 54. Rf3+ Ke6 55. Rf1 Rxa5 56. Be3 Ra3 57. Kf2 Nf6 58. Kf3 Rc3 59. Ra1 Rc6 60. h4 Nh5 61. Ke2 Nf4+ 62. Kd2 Rc4 63. Rc1 Kf6 64. Bxf4 exf4 65. Kd3 Rc6 66. Rxc2 Rd6+ 67. Ke2 Ke5 68. Kf3 Rd3+ 69. Kf2 Kxe4 70. Rc4+ Rd4 71. Rc6 Rd2+ 72. Kg1 Kf5 73. Rc5+ Kf6 74. Rb5 Re2 75. h5 g5 76. Rb6+ Re6 77. Rb5 g4 78. h6 Kg6 79. h7 Kxh7 80. Rg5 Rg6 81. Rf5 f3 82. Kf2 g3+ 83. Kg1 f2+ 84. Kg2 Kg7 85. Rf3 Rg5 86. Rf4 Kg6 87. Rf3 Kh5 88. Rf4 Rg4 89. Rf5+ Kh4 90. Rf8 Ra4 91. Rh8+ Kg4 92. Rg8+ Kf4 93. Rf8+ Ke3 94. Kxg3 Ra2 95. Kg2 Re2 96. Rf3+ Kd2 1/2-1/2

[Event "NED-ch (Women)"]
[Site "Amsterdam"]
[Date "2015.07.05"]
[Round "1"]
[White "Hortensius, Lisa"]
[Black "Ratsma, Rosa"]
[Result "1-0"]
[WhiteElo "2170"]
[BlackElo "2088"]
[PlyCount "59"]
[EventDate "2015.07.05"]
[EventType "tourn"]
[EventRounds "7"]
[EventCountry "NED"]
[SourceTitle "CBM 167 Extra"]
[Source "ChessBase"]
[SourceDate "2015.09.14"]
[SourceVersion "1"]
[SourceVersionDate "2015.09.14"]
[SourceQuality "1"]

1. e4 c5 2. Nf3 d6 3. d4 cxd4 4. Nxd4 Nf6 5. Nc3 a6 6. Bg5 Nbd7 7. Bc4 Qb6 8. Qd2 Qxb2 9. Rb1 Qa3 10. 0-0 e6 11. Bxe6 fxe6 12. Nxe6 Qa5 13. f4 Kf7 14. e5 dxe5 15. fxe5 Qxe5 16. Rbe1 Qa5 17. Qd3 Ne5 18. Qg3 Qb6+ 19. Kh1 Qxe6 20. Rxe5 Qc4 21. Qf3 Be7 22. Rxe7+ Kxe7 23. Bxf6+ Ke8 24. Re1+ Be6 25. Qxb7 gxf6 26. Nd5 Ra7 27. Rxe6+ Kf8 28. Rxf6+ Ke8 29. Qb8+ Kd7 30. Rd6# 1-0

[Event "NED-ch (Women)"]
[Site "Amsterdam"]
[Date "2014.07.12"]
[Round "6"]
[White "Padurariu, Ioana Smaranda"]
[Black "Hortensius, Lisa"]
[Result "0-1"]
[WhiteElo "2205"]
[BlackElo "2162"]
[PlyCount "98"]
[EventDate "2014.07.06"]
[EventType "tourn"]
[EventRounds "7"]
[EventCountry "NED"]
[SourceTitle "CBM 161 Extra"]
[Source "ChessBase"]
[SourceDate "2014.08.29"]
[SourceVersion "1"]
[SourceVersionDate "2014.08.29"]
[SourceQuality "1"]

1. e4 c5 2. Nf3 e6 3. d4 cxd4 4. Nxd4 Nc6 5. Nc3 Qc7 6. Be3 a6 7. Qd2 Nf6 8. 0-0-0 Be7 9. f3 b5 10. g4 Nxd4 11. Qxd4 Bb7 12. g5 Nh5 13. Bh3 Rc8 14. Qd2 b4 15. Ne2 d5 16. Bg4 g6 17. Bxh5 gxh5 18. Ng3 d4 19. Bf4 e5 20. Bxe5 Qxe5 21. f4 Qc7 22. Kb1 0-0 23. Nf5 Bc5 24. Ng3 Kh8 25. Rhe1 Rfe8 26. Nxh5 Rxe4 27. Qd3 f5 28. gxf6 Rce8 29. Rg1 Qf7 30. Qh3 Re3 31. Qf5 Bf3 32. Ng7 Rf8 33. Qxc5 Bxd1 34. Qxd4 Bxc2+ 35. Kxc2 Re2+ 36. Kb1 Qxf6 37. Qxb4 Rg8 38. Rg3 Re7 39. Nh5 Qf5+ 40. Kc1 Rc7+ 41. Rc3 Rg1+ 42. Kd2 Rd7+ 43. Ke3 Qxh5 44. Rc8+ Rg8 45. Qc3+ Rdg7 46. Rxg8+ Kxg8 47. Qc8+ Kf7 48. Qd7+ Kf8 49. Qd6+ Re7+ 0-1

[Event "NED-ch (Women)"]
[Site "Amsterdam"]
[Date "2014.07.11"]
[Round "5"]
[White "Hortensius, Lisa"]
[Black "Paulet, Iozefina"]
[Result "0-1"]
[WhiteElo "2162"]
[BlackElo "2227"]
[PlyCount "114"]
[EventDate "2014.07.06"]
[EventType "tourn"]
[EventRounds "7"]
[EventCountry "NED"]
[SourceTitle "CBM 161 Extra"]
[Source "ChessBase"]
[SourceDate "2014.08.29"]
[SourceVersion "1"]
[SourceVersionDate "2014.08.29"]
[SourceQuality "1"]

1. e4 c5 2. Nf3 d6 3. d4 cxd4 4. Nxd4 Nf6 5. Nc3 a6 6. Be3 e5 7. Nb3 Be6 8. h3 h5 9. f4 exf4 10. Bxf4 Nc6 11. Qe2 Ne5 12. 0-0-0 Nfd7 13. Nd4 Qa5 14. Kb1 Rc8 15. Qe3 g6 16. Be2 Be7 17. g4 h4 18. g5 Bc4 19. Nb3 Qc7 20. Bxc4 Nxc4 21. Qd4 Nde5 22. Nd5 Qc6 23. Nd2 Rh5 24. Nxc4 Nxc4 25. Rhe1 Bxg5 26. Bxg5 Rxg5 27. Qh8+ Kd7 28. Qf6 Qb5 29. Qxf7+ Kc6 30. Ne7+ Kc7 31. Nxc8+ Kxc8 32. Qg8+ Kc7 33. b3 Rc5 34. Qg7+ Kb8 35. Rc1 Qb4 36. Ka1 Ne5 37. Qg8+ Ka7 38. Red1 Qc3+ 39. Kb1 Rb5 40. Qg7 Qxh3 41. Rxd6 Qe3 42. Rd5 Qxe4 43. Rxb5 axb5 44. Qe7 h3 45. Qc5+ Ka6 46. Qd6+ Ka7 47. Qd2 Nc6 48. Re1 Qf5 49. Rh1 Qf3 50. Qh2 Nd4 51. Qxh3 Qe4 52. Rh2 b4 53. Qg3 Nb5 54. Qf2+ Ka6 55. Qf6+ b6 56. Rh4 Na3+ 57. Ka1 Qe1+ 0-1

[Event "NED-ch (Women)"]
[Site "Amsterdam"]
[Date "2014.07.06"]
[Round "1"]
[White "Kazarian, Anna Maja"]
[Black "Hortensius, Lisa"]
[Result "1/2-1/2"]
[WhiteElo "2025"]
[BlackElo "2162"]
[PlyCount "146"]
[EventDate "2014.07.06"]
[EventType "tourn"]
[EventRounds "7"]
[EventCountry "NED"]
[SourceTitle "CBM 161 Extra"]
[Source "ChessBase"]
[SourceDate "2014.08.29"]
[SourceVersion "1"]
[SourceVersionDate "2014.08.29"]
[SourceQuality "1"]

1. e4 c5 2. Nf3 e6 3. d4 cxd4 4. Nxd4 Nc6 5. Nb5 d6 6. c4 a6 7. N5c3 Nf6 8. Be2 Be7 9. 0-0 0-0 10. Be3 b6 11. Nd2 Bb7 12. Qb3 Nd7 13. Rac1 Rc8 14. Rfd1 Nc5 15. Qc2 Bf6 16. Nb3 Qc7 17. Nd4 Rfd8 18. a3 Nxd4 19. Bxd4 Bg5 20. Rb1 Nd7 21. f3 Bf6 22. Be3 Ne5 23. Rbc1 Nxc4 24. Bxc4 Qxc4 25. Bxb6 Rd7 26. Qf2 Bd8 27. Bxd8 Rdxd8 28. Qb6 Qc5+ 29. Qxc5 Rxc5 30. b4 Rc6 31. Na4 Kf8 32. Rxc6 Bxc6 33. Nc5 Ke7 34. Nxa6 Ra8 35. b5 Bxb5 36. Nc7 Ra5 37. Nxb5 Rxb5 38. a4 Ra5 39. Rd4 Kd7 40. Kf2 Kc6 41. Ke3 Kc5 42. Kd3 d5 43. exd5 exd5 44. Rg4 g6 45. Rf4 f5 46. g4 fxg4 47. fxg4 g5 48. Rd4 Ra6 49. Kc3 Rh6 50. Rd2 Rh4 51. Rg2 Rh3+ 52. Kb2 d4 53. a5 Kb5 54. Rd2 Kxa5 55. Rxd4 Rxh2+ 56. Kc3 Kb6 57. Rd5 h6 58. Kd3 Rh4 59. Ke3 Rxg4 60. Rd6+ Kc5 61. Rxh6 Kd5 62. Kf3 Rf4+ 63. Kg3 Ke5 64. Ra6 Rb4 65. Ra5+ Kf6 66. Ra8 Kg6 67. Rg8+ Kf6 68. Rf8+ Kg7 69. Rf5 Kg6 70. Rf8 Kg7 71. Rf5 Kh6 72. Rf8 Kh5 73. Rh8+ Kg6 1/2-1/2

[Event "Vlissingen HZ op 15th"]
[Site "Vlissingen"]
[Date "2011.08.06"]
[Round "9"]
[White "Hortensius, Lisa"]
[Black "In't Veld, Daan"]
[Result "1-0"]
[WhiteElo "2088"]
[BlackElo "2224"]
[PlyCount "55"]
[EventDate "2011.07.30"]
[EventType "swiss"]
[EventRounds "9"]
[EventCountry "NED"]
[SourceTitle "CBM 143 Extra"]
[Source "ChessBase"]
[SourceDate "2011.08.29"]
[SourceVersion "1"]
[SourceVersionDate "2011.08.29"]
[SourceQuality "1"]

1. e4 c5 2. Nf3 e6 3. d4 cxd4 4. Nxd4 a6 5. Bd3 Bc5 6. Nb3 Be7 7. Qg4 g6 8. Qe2 d6 9. a4 b6 10. 0-0 Bb7 11. Be3 Nd7 12. Nc3 Qc7 13. f4 Ngf6 14. Rad1 0-0 15. Bd4 Rfe8 16. Nd2 Bf8 17. Nf3 Nh5 18. Ng5 d5 19. exd5 Bxd5 20. Qxh5 h6 21. Bxg6 Bg7 22. Bxf7+ Kf8 23. Bxg7+ Kxg7 24. Qg6+ Kf8 25. Nh7+ Ke7 26. Nxd5+ exd5 27. Qe6+ Kd8 28. Qxe8# 1-0

[Event "NED-ch (Women)"]
[Site "Boxtel"]
[Date "2011.06.30"]
[Round "5"]
[White "Hortensius, Lisa"]
[Black "Peng, Zhaoqin"]
[Result "0-1"]
[WhiteElo "2111"]
[BlackElo "2375"]
[PlyCount "106"]
[EventDate "2011.06.25"]
[EventType "tourn"]
[EventRounds "10"]
[EventCountry "NED"]
[SourceTitle "CBM 143 Extra"]
[Source "ChessBase"]
[SourceDate "2011.08.29"]
[SourceVersion "1"]
[SourceVersionDate "2011.08.29"]
[SourceQuality "1"]

1. e4 g6 2. d4 Bg7 3. Nc3 c6 4. f4 d5 5. e5 Nh6 6. Nf3 f6 7. Bd3 Bg4 8. 0-0 0-0 9. Ne2 Nd7 10. Qe1 e6 11. Qg3 Qb6 12. Kh1 c5 13. c3 cxd4 14. cxd4 Bf5 15. Bxf5 Nxf5 16. Qe1 Rac8 17. g4 Ne7 18. b3 Qa6 19. Qd1 Nc6 20. a4 Rfe8 21. Ba3 Bf8 22. Bxf8 Rxf8 23. Qd2 Qa5 24. Qxa5 Nxa5 25. b4 Nc4 26. h3 fxe5 27. Nxe5 Ndxe5 28. fxe5 Ne3 29. Rfc1 Nc2 30. Rab1 Rf2 31. Ng1 Rc4 32. Rb2 g5 33. a5 Kg7 34. b5 Kg6 35. Ra2 h5 36. Rb2 Rc3 37. b6 a6 38. Ra2 Rc8 39. gxh5+ Kxh5 40. Rb2 g4 41. Rb3 Rg8 42. Rb2 Rc8 43. Rb3 Rc4 44. Rd3 Nb4 45. Rxc4 dxc4 46. Rg3 Nd5 47. hxg4+ Kh4 48. Rg2 Rxg2 49. Kxg2 Kxg4 50. Ne2 Nf4+ 51. Kf2 Nxe2 52. Kxe2 Kf4 53. Kd2 Ke4 0-1

[Event "NED-ch U21 Girls"]
[Site "Haarlem"]
[Date "2011.05.06"]
[Round "7"]
[White "Severijnen, Marion"]
[Black "Hortensius, Lisa"]
[Result "1/2-1/2"]
[WhiteElo "1681"]
[BlackElo "2134"]
[PlyCount "81"]
[EventDate "2011.04.30"]
[EventType "tourn"]
[EventRounds "9"]
[EventCountry "NED"]
[SourceTitle "EXT 2012"]
[Source "ChessBase"]
[SourceDate "2011.11.24"]
[SourceVersion "1"]
[SourceVersionDate "2011.11.24"]
[SourceQuality "1"]

1. e4 e6 2. Nf3 d5 3. exd5 exd5 4. d4 c5 5. Be2 Nf6 6. 0-0 cxd4 7. Qxd4 Be7 8. Nc3 Nc6 9. Qd1 0-0 10. Bf4 a6 11. Bd3 Bg4 12. h3 Be6 13. a3 d4 14. Ne4 Bd5 15. Re1 Re8 16. Ng3 Be6 17. Nf5 Bc5 18. Qd2 Qd5 19. Ng3 Bxh3 20. Bg5 Ne5 21. Nh4 Bxg2 22. Rxe5 Qxe5 23. Nxg2 Nd5 24. Ne4 Be7 25. Re1 Qc7 26. Rd1 Bxg5 27. Qxg5 Qe5 28. Qh4 h6 29. Re1 Qe7 30. Qg3 Qd8 31. Nh4 Nf6 32. Nf5 g6 33. Nxh6+ Kf8 34. Qf3 Kg7 35. Kg2 Qe7 36. Nxf6 Qxf6 37. Rxe8 Rxe8 38. Ng4 Qg5 39. Qg3 f5 40. Nh2 Qf6 41. Nf3 1/2-1/2

[Event "NED-ch U21 Girls"]
[Site "Haarlem"]
[Date "2011.05.05"]
[Round "6"]
[White "Hortensius, Lisa"]
[Black "Kirana, Nancy"]
[Result "0-1"]
[WhiteElo "2134"]
[BlackElo "1713"]
[PlyCount "96"]
[EventDate "2011.04.30"]
[EventType "tourn"]
[EventRounds "9"]
[EventCountry "NED"]
[SourceTitle "EXT 2012"]
[Source "ChessBase"]
[SourceDate "2011.11.24"]
[SourceVersion "1"]
[SourceVersionDate "2011.11.24"]
[SourceQuality "1"]

1. e4 d6 2. d4 Nf6 3. Nc3 g6 4. Be3 Bg7 5. f3 c6 6. Qd2 b5 7. g4 a5 8. h4 h5 9. g5 Nfd7 10. f4 Nb6 11. b3 Qc7 12. Rd1 Na6 13. Nce2 d5 14. e5 a4 15. Ng3 e6 16. Nh3 Bd7 17. Nf2 Bf8 18. Nd3 c5 19. dxc5 Nxc5 20. Nxc5 Bxc5 21. Bd3 d4 22. Bf2 Nd5 23. 0-0 axb3 24. axb3 Bb4 25. Qe2 Nc3 26. Qf3 Bc6 27. Be4 Bxe4 28. Nxe4 Nxd1 29. Nf6+ Ke7 30. Rxd1 Rhd8 31. Rxd4 Ra1+ 32. Kg2 Rxd4 33. Bxd4 Ra2 34. Bf2 Rxc2 35. Qa8 Qc6+ 36. Qxc6 Rxc6 37. Ne4 Rc2 38. Kf3 Rb2 39. Bc5+ Bxc5 40. Nxc5 Rc2 41. Ne4 Kd7 42. Ke3 Rh2 43. Nd6 Rh3+ 44. Ke2 Rxb3 45. Nxf7 Rc3 46. Nd6 b4 47. Ne4 Rh3 48. Nc5+ Ke7 0-1

[Event "NED-ch U21 Girls"]
[Site "Haarlem"]
[Date "2011.05.04"]
[Round "5"]
[White "Van der Lende, Nathalie"]
[Black "Hortensius, Lisa"]
[Result "1/2-1/2"]
[WhiteElo "1767"]
[BlackElo "2134"]
[PlyCount "83"]
[EventDate "2011.04.30"]
[EventType "tourn"]
[EventRounds "9"]
[EventCountry "NED"]
[SourceTitle "EXT 2012"]
[Source "ChessBase"]
[SourceDate "2011.11.24"]
[SourceVersion "1"]
[SourceVersionDate "2011.11.24"]
[SourceQuality "1"]

1. e4 Nf6 2. e5 Ng8 3. d4 d6 4. Nf3 Bg4 5. h3 Bxf3 6. Qxf3 c6 7. Bc4 e6 8. 0-0 dxe5 9. dxe5 Qd4 10. Qe2 Nd7 11. Re1 Ne7 12. c3 Qb6 13. Be3 Qc7 14. f4 Nd5 15. Bxd5 cxd5 16. Nd2 Bc5 17. Nb3 0-0 18. Bxc5 Nxc5 19. Nxc5 Qxc5+ 20. Qe3 Rac8 21. Rad1 Qxe3+ 22. Rxe3 Rc4 23. Rd4 Rfc8 24. Red3 Kf8 25. Rxc4 Rxc4 26. Rd4 Rc6 27. Rb4 b6 28. Kf2 Ke7 29. Ke3 Rc7 30. g4 f6 31. a4 Kd7 32. a5 bxa5 33. Rb5 Kc6 34. Rxa5 Kb6 35. Ra4 a5 36. Kd4 Kb5 37. b3 fxe5+ 38. fxe5 Rf7 39. Ke3 g5 40. Ke2 Rc7 41. Kd3 h5 42. h4 1/2-1/2

[Event "NED-ch U21 Girls"]
[Site "Haarlem"]
[Date "2011.04.30"]
[Round "1"]
[White "Blanter, Sofya"]
[Black "Hortensius, Lisa"]
[Result "0-1"]
[WhiteElo "1535"]
[BlackElo "2134"]
[PlyCount "66"]
[EventDate "2011.04.30"]
[EventType "tourn"]
[EventRounds "9"]
[EventCountry "NED"]
[SourceTitle "EXT 2012"]
[Source "ChessBase"]
[SourceDate "2011.11.24"]
[SourceVersion "1"]
[SourceVersionDate "2011.11.24"]
[SourceQuality "1"]

1. d4 Nf6 2. c4 g6 3. Nc3 Bg7 4. e4 d6 5. Nf3 0-0 6. h3 e5 7. Be2 exd4 8. Nxd4 Re8 9. Bf3 Nxe4 10. Bxe4 f5 11. 0-0 fxe4 12. Re1 Nc6 13. Nxc6 bxc6 14. Nxe4 Rf8 15. Bg5 Qd7 16. Qd2 Qf7 17. Bh6 Bf5 18. Bxg7 Qxg7 19. b3 Bxe4 20. Rad1 Bf5 21. Re3 Rae8 22. Rde1 Bd7 23. Rxe8 Rxe8 24. Rxe8+ Bxe8 25. Qa5 Qa1+ 26. Kh2 Qe5+ 27. Qxe5 dxe5 28. a3 c5 29. g4 a5 30. Kg3 g5 31. Kf3 Bg6 32. Ke3 Bc2 33. Kf3 Kf7 0-1

[Event "Leiden LCT op-A 4th"]
[Site "Leiden"]
[Date "2010.07.12"]
[Round "4"]
[White "Bezemer, Arno J"]
[Black "Hortensius, Lisa"]
[Result "1-0"]
[WhiteElo "2322"]
[BlackElo "2058"]
[PlyCount "65"]
[EventDate "2010.07.09"]
[EventType "swiss"]
[EventRounds "9"]
[EventCountry "NED"]
[SourceTitle "CBM 137 Extra"]
[Source "ChessBase"]
[SourceDate "2010.09.01"]
[SourceVersion "1"]
[SourceVersionDate "2010.09.01"]
[SourceQuality "1"]

1. e4 e6 2. d4 d5 3. Nd2 Nf6 4. e5 Nfd7 5. Bd3 c5 6. c3 Nc6 7. Ngf3 g6 8. h4 h6 9. Bc2 Bg7 10. 0-0 b6 11. Re1 Bb7 12. Nf1 Qe7 13. N1h2 0-0-0 14. Ng4 cxd4 15. cxd4 Rdg8 16. Bf4 Kb8 17. a3 Ka8 18. Qd2 h5 19. Bg5 Qe8 20. Ne3 Ne7 21. Rac1 Nb8 22. Qb4 Nbc6 23. Qd6 a6 24. Bd3 Ka7 25. Bxe7 Nxe7 26. Rc7 Nf5 27. Nxf5 gxf5 28. Rec1 Qb8 29. Rxf7 Qxd6 30. exd6 Bh6 31. Rcc7 Rb8 32. Ne5 Ka8 33. Bxa6 1-0